| 000 | 01440 a2200241 4500 | ||
|---|---|---|---|
| 001 | 61175 | ||
| 005 | 20260407155902.0 | ||
| 008 | 260407a2024 arg spa d | ||
| 003 | AR-UNSa-BCEJYS | ||
| 040 |
_aAR-UNSa-BCEJYS _bspa _cAR-UNSa-BCEJYS |
||
| 080 |
_a657(083) _xResoluciones Técnicas Contables. Informes |
||
| 245 | 1 | 0 |
_aNorma unificada argentina de contabilidad _pRT Nº 54 (T.O. RT Nº 56) |
| 020 | _a978-631-6500-58-8 | ||
| 264 | 1 |
_aBuenos Aires : _bEdiciones DyD _c2024 |
|
| 300 |
_a448 p. _c23 cm. |
||
| 505 | _a1. Introducción - 2. Caja y bancos - 3. Inversiones financieras - 4. Créditos en moneda y en especie - 5. Bienes de cambio y costo de los bienes vendidos (o de los servicios prestados) - 6. Bienes de uso y depreciaciones - 7. Propiedades de inversión - 8. Activos intangibles (distintos de la llave de negocio) - 9. Activos no corrientes mantenidos para la venta - 10. Otras inversiones - 11. Pasivos ciertos (Deudas) - 12. Previsiones y pasivos contingentes - 13. Patrimonio neto - 14. Ajuste por inflación de los estados contables - 15. Normas generales de la RT 54: cambios en los requisitos normativos y normas de transición para su aplicación inicial | ||
| 041 | _aspa | ||
| 942 | _cBK | ||
| 590 | _aniveau_biblio:m niveau_hierar:0 | ||
| 100 | 1 | _aPetti, Ana María | |
| 700 | 1 | _aSuardi, Diana | |
| 856 | 4 | 1 |
_uhttps://biblioeco.unsa.edu.ar/pmb/images/libros/L129323.jpg _yImagen de portada _qimage/jpeg |
| 999 |
_c7249 _d7249 |
||